Normal view
MARC view
- Kerry, Armine John
Entry Personal Name
001 - CONTROL NUMBER
- control field: 48963
003 - CONTROL NUMBER IDENTIFIER
- control field: NUST
005 - DATE AND TIME OF LATEST TRANSACTION
- control field: 20210314134214.0
008 - FIXED-LENGTH DATA ELEMENTS
- fixed length control field: 210314|| aca||aabn | a|a d
040 ## - CATALOGING SOURCE
- Original cataloging agency: NUST
- Transcribing agency: NUST
100 ## - HEADING--PERSONAL NAME
- Personal name: Kerry, Armine John
670 ## - SOURCE DATA FOUND
- Source citation: Work cat.: (NUST): Kerry, Armine John,, The history of the Corps of Royal Canadian Engineers,, 1962-66.
